[Event "BIH-chT2 27th"]
[Site "Lukavac"]
[Date "2020.11.01"]
[Round "5.6"]
[White "Osmic, Enis"]
[Black "Rogovic, Ismet"]
[Result "0-1"]
[WhiteElo "1523"]
[BlackElo "1956"]
[PlyCount "46"]
[EventDate "2020.10.30"]
[EventType "team-tourn"]
[EventRounds "5"]
[EventCountry "BIH"]
[SourceTitle "CBM 199 Extra"]
[Source "ChessBase"]
[SourceDate "2021.01.31"]
[SourceVersion "1"]
[SourceVersionDate "2021.01.31"]
[SourceQuality "1"]
[WhiteTeam "Sloboda Kadeti"]
[BlackTeam "Zivinice"]
[WhiteTeamCountry "BIH"]
[BlackTeamCountry "BIH"]

1. d4 Nf6 2. c4 g6 3. Nc3 Bg7 4. Nf3 0-0 5. Bf4 d6 6. e3 b6 7. Be2 Bb7 8. 0-0 Nbd7 9. h3 Re8 10. Re1 e5 11. Bh2 a6 12. Qd2 Nh5 13. Rad1 e4 14. Nxe4 Bxe4 15. c5 bxc5 16. dxc5 Nxc5 17. Nd4 Nf6 18. f3 Bb7 19. Rc1 Bh6 20. Bc4 Qe7 21. f4 Nce4 22. Qc2 c5 23. Nf3 d5 0-1

[Event "BIH-chT1A"]
[Site "Neum"]
[Date "2012.08.30"]
[Round "8.4"]
[White "Rogovic, Ismet"]
[Black "Durakovic, Alman"]
[Result "0-1"]
[WhiteElo "2021"]
[BlackElo "2217"]
[PlyCount "86"]
[EventDate "2012.08.25"]
[EventType "team-tourn"]
[EventRounds "9"]
[EventCountry "BIH"]
[SourceTitle "CBM 150 Extra"]
[Source "ChessBase"]
[SourceDate "2012.10.19"]
[SourceVersion "1"]
[SourceVersionDate "2012.10.19"]
[SourceQuality "1"]

1. e4 c5 2. Nf3 d6 3. c3 Nf6 4. Bd3 Nc6 5. Bc2 Bg4 6. d3 e6 7. Nbd2 Be7 8. Nf1 Bh5 9. Ng3 Bg6 10. 0-0 0-0 11. Ne2 c4 12. Nf4 cxd3 13. Nxg6 hxg6 14. Bxd3 Qc7 15. Qe2 Rfd8 16. Bf4 Nh5 17. Bd2 Ne5 18. Nxe5 dxe5 19. Rad1 Nf4 20. Bxf4 exf4 21. Bc4 Qe5 22. Bb3 Bd6 23. Qf3 Bc7 24. g3 g5 25. Rfe1 b5 26. Rxd8+ Rxd8 27. Rd1 Bd6 28. Rd4 Rb8 29. Qd3 Rb6 30. Bd1 g6 31. Kg2 Kg7 32. b3 Qc5 33. c4 b4 34. Bc2 Qe5 35. Qd1 g4 36. Rd2 f3+ 37. Kh1 Bc5 38. Kg1 Qh5 39. Bd3 Rb8 40. Bf1 e5 41. Rd8 Bxf2+ 42. Kxf2 Qxh2+ 43. Ke3 Qg1+ 0-1

[Event "BIH-chT1"]
[Site "Tuzla"]
[Date "2010.07.19"]
[Round "3"]
[White "Stavnjak, Lazar"]
[Black "Rogovic, Ismet"]
[Result "1/2-1/2"]
[WhiteElo "2254"]
[BlackElo "2017"]
[PlyCount "20"]
[EventDate "2010.07.18"]
[EventType "team-swiss"]
[EventRounds "9"]
[EventCountry "BIH"]
[SourceTitle "CBM 137 Extra"]
[Source "ChessBase"]
[SourceDate "2010.09.01"]
[SourceVersion "1"]
[SourceVersionDate "2010.09.01"]
[SourceQuality "1"]

1. e4 e5 2. Nf3 Nc6 3. Bb5 Nf6 4. d3 d6 5. Bxc6+ bxc6 6. Nc3 Be7 7. d4 exd4 8. Nxd4 Bd7 9. 0-0 0-0 10. b3 c5 1/2-1/2

[Event "BIH CFFBH-chT1"]
[Site "Neum"]
[Date "2007.08.31"]
[Round "9"]
[White "Koso, Ekrem"]
[Black "Rogovic, Ismet"]
[Result "1/2-1/2"]
[WhiteElo "2068"]
[BlackElo "2113"]
[PlyCount "21"]
[EventDate "2007.08.25"]
[EventType "team-tourn"]
[EventRounds "9"]
[EventCountry "BIH"]
[SourceTitle "EXT 2023"]
[Source "ChessBase"]
[SourceDate "2022.10.05"]
[SourceVersion "1"]
[SourceVersionDate "2022.10.05"]
[SourceQuality "1"]

1. d4 Nf6 2. c4 g6 3. Nc3 Bg7 4. g3 0-0 5. Bg2 d6 6. Nf3 Nc6 7. 0-0 Bf5 8. Nh4 Bc8 9. Nf3 Bf5 10. Nh4 Bc8 11. Nf3 1/2-1/2